000 00442nam a2200157 a 4500
005 20140412111410.0
008 070216s19uu xx 00 eng d
020 _a0-7513-5352-3
050 _aTR(PS E
_bPa27 1983
100 _aHawkins, Colin
245 _aPat the cat /
_cColin and Jaqui Hawkins.
260 _aLondon :
_bDorling Kindersley,
_c1983.
650 _aReading- English language
650 _aChildren stories
999 _c105654
_d105654